Sports Quiz

Random Sports Quiz

Jean Segura Quiz Stats

Quiz not verified by Sporcle

Challenge
Share
Tweet
Embed
Score 0/9 Timer 02:00
0 Plays Today
Hint Answer % Correct
Had 20 HRs in what year2016
100%
Traded to this team for Zack GreinkeBrewers
85.7%
What year was he an allstar?2013
85.7%
Traded to this team for Aaron HillDiamondbacks
85.7%
Traded to this team for Taijuan WalkerMariners
85.7%
Native CountryDominican Republic
71.4%
Team that signed himAngels
57.1%
Team he made his debut withAngels
57.1%
Amount of hits in 2016203
57.1%

You're not logged in!

Compare scores with friends on all Sporcle quizzes.
Sign Up with Email
OR
Log In

You Might Also Like...

Show Comments

Extras

Top Quizzes Today


Score Distribution

Your Account Isn't Verified!

In order to create a playlist on Sporcle, you need to verify the email address you used during registration. Go to your Sporcle Settings to finish the process.

Report this User

Report this user for behavior that violates our Community Guidelines.

Details: